| 000 | 00544nam a2200181Ia 4500 | ||
|---|---|---|---|
| 001 | 16254 | ||
| 005 | 20260306170256.0 | ||
| 008 | 260306t2021||||xx |||||||||||||| ||und|| | ||
| 041 | _aESP | ||
| 082 |
_a347.51 _bM61 |
||
| 100 |
_aMinisterio de Justicia y Derechos Humanos _eAUT |
||
| 245 | 0 |
_aAnteproyecto de la ley general de sociedades: _bfórmula normativa, antecedentes y exposición de motivos: 4 de abril de 2018 |
|
| 260 | _c2021 | ||
| 300 |
_a306 páginas : _c24 cm. |
||
| 650 | _aGEN | ||
| 654 | _aCDE | ||
| 942 |
_cLIB _dJUS _fJUS _2ddc _n |
||
| 999 |
_c16254 _d16254 |
||